书目信息 |
| 题名: |
农用土地定级估价理论与实践
|
|
| 作者: | 邓留献 主编 | |
| 分册: | ||
| 出版信息: | 北京 中国大地出版社 2000.07 |
|
| 页数: | 255页 | |
| 开本: | 20cm | |
| 丛书名: | ||
| 单 册: | ||
| 中图分类: | F301.3(2) | |
| 科图分类: | ||
| 主题词: | 农业经济学 | |
| 电子资源: | ||
| ISBN: | 7-80097-374-3 | |
| 000 | 00599nam0 2200193 45 | |
| 001 | 0431247398 | |
| 005 | 2004060908404722 | |
| 010 | @a7-80097-374-3@dCNY 19.00 | |
| 100 | @a20040609d2000 km y0chiy0120 ea | |
| 101 | 0 | @achi |
| 102 | @aCN@b110000 | |
| 200 | 1 | @a农用土地定级估价理论与实践@ANong Yong Tu Di Ding Ji Gu Jia Li Lun Yu Shi Jian@f邓留献主编@FDeng Liu Xian Zhu Bian |
| 210 | @a北京@c中国大地出版社@d2000.07 | |
| 215 | @a255页@d20cm | |
| 606 | 0 | @a农业经济学 |
| 690 | @aF301.3(2)@v3 | |
| 701 | 0 | @a邓留献@ADeng Liu Xian@4主编 |
| 801 | 0 | @aCN@bPFT@c20040609 |
| 905 | @a安徽大学@dF301.3(2)@eD297 | |
| 农用土地定级估价理论与实践/邓留献主编.-北京:中国大地出版社,2000.07 |
| 255页;20cm |
| ISBN 7-80097-374-3:CNY 19.00 |
| ● |
| 相关链接 |
|
|
|
正题名:农用土地定级估价理论与实践
索取号:F301.3(2)/D297
 
预约/预借
| 序号 | 登录号 | 条形码 | 馆藏地/架位号 | 状态 | 备注 |
| 1 | 379473 | 203794732 | 社科库409/409社科库 32排5列3层/ [索取号:F301.3(2)/D297] | 在馆 | |
| 2 | 379474 | 203794741 | 社科库409/409社科库 32排5列3层/ [索取号:F301.3(2)/D297] | 在馆 | |
| 3 | 379475 | 203794750 | 社科二线422/409社科库 32排5列3层/ [索取号:F301.3(2)/D297] | 在馆 |